000
00414nam a2200145Ia 4500
008
100204s9999 xx 000 0 und d
082
_b
7530
100
_a
कदम अनंत
245
_a
कॅन्सर
260
_b
"डिंंंंप्ंाल पब्लिकेशन, वसई"
_c
1982
300
_a
350
630
_a
कॅन्सर
730
_a
कॅन्सर
942
_c
BOOK
999
_c
451966
_d
451963